00402nam a2200133 450000500170000000800410001702000220005810000240008024500700010426000410017430000250021594200150024099900130025520260327092754.0260327b |||||||| |||| 00| 0 eng d a978-978-940-902-0 aMshelia Elijah Dika aTheoretical Mechanics I: Newtonian Dynamicsc/Elijah Dika Mshelia aIbadan;bUniversity Press PLC;c2022 axi,422p.ill;c21.3cm 2lccn0cBK c199d199